Premier League top scorers by season Quiz Stats

Quiz not verified by Sporcle

Challenge
Share
Tweet
Embed
Score 0/80 Timer 07:00
6 Plays Today
Season Player % Correct
2016/17Harry Kane
96.8%
1993/94Alan Shearer
95.8%
1994/95Alan Shearer
95.8%
1995/96Alan Shearer
95.8%
1996/97Alan Shearer
95.8%
1999/2000Alan Shearer
95.8%
2001/02Alan Shearer
95.8%
2003/04Alan Shearer
95.8%
2014/15Harry Kane
95.6%
2015/16Harry Kane
95.6%
2000/01Thierry Henry
94.2%
2001/02Thierry Henry
94.2%
2002/03Thierry Henry
94.2%
2003/04Thierry Henry
94.2%
2004/05Thierry Henry
94.2%
2005/06Thierry Henry
94.2%
2011/12Sergio Aguero
93.5%
2014/15Sergio Aguero
93.5%
2015/16Sergio Aguero
93.5%
2012/13Luis Suarez
89.7%
2013/14Luis Suarez
89.7%
2009/10Wayne Rooney
89.1%
2011/12Wayne Rooney
89.1%
2006/07Didier Drogba
88.9%
2009/10Didier Drogba
88.9%
2015/16Jamie Vardy
88.4%
2016/17Romelu Lukaku
86.8%
1993/94Andy Cole
86.4%
2010/2011Robin van Persie
85%
2011/12Robin van Persie
85%
2012/13Robin van Persie
85%
1994/95Robbie Fowler
83.8%
1995/96Robbie Fowler
83.8%
1996/97Robbie Fowler
83.8%
1997/98Michael Owen
83.7%
1998/99Michael Owen
83.7%
2006/07Cristiano Ronaldo
81.3%
2007/08Cristiano Ronaldo
81.3%
2008/09Cristiano Ronaldo
81.3%
2014/15Diego Costa
80.4%
Season Player % Correct
2001/02Ruud van Nistelrooy
79.3%
2002/03Ruud van Nistelrooy
79.3%
2003/04Ruud van Nistelrooy
79.3%
2005/06Ruud van Nistelrooy
79.3%
1998/99Dwight Yorke
77.8%
1999/2000Dwight Yorke
77.8%
2016/17Alexis Sanchez
76.1%
2013/14Daniel Sturridge
75.5%
2007/08Fernando Torres
75.1%
1992/93Teddy Sheringham
72.1%
1996/97Ian Wright
70.2%
1992/93Les Ferdinand
70%
1994/95Les Ferdinand
70%
1995/96Les Ferdinand
70%
1993/94Matt Le Tissier
69.2%
1999/2000Kevin Phillips
65.5%
2010/2011Dimitar Berbatov
65.5%
2008/09Steven Gerrard
63.4%
2000/01Mark Viduka
62.7%
1993/94Chris Sutton
62.3%
1997/98Chris Sutton
62.3%
2003/04Louis Saha
61.2%
2010/2011Carlos Tevez
60.4%
1998/99Jimmy Floyd Hasselbaink
58.7%
2000/01Jimmy Floyd Hasselbaink
58.7%
2001/02Jimmy Floyd Hasselbaink
58.7%
2005/06Darren Bent
56.4%
2009/10Darren Bent
56.4%
2012/13Gareth Bale
54.1%
2008/09Nicolas Anelka
51%
2013/14Yaya Toure
50.6%
2004/05Robert Pires
46.7%
2007/08Emmanuel Adebayor
45.8%
2004/05Andy Johnson
44.2%
1997/98Dion Dublin
43.4%
1996/97Ole Gunnar Solskjaer
39%
2002/03James Beattie
35.5%
2000/01Marcus Stewart
26.1%
2006/07Benni McCarthy
21.6%
1992/93Dean Holdsworth
19%

You're not logged in!

Compare scores with friends on all Sporcle quizzes.
Join for Free
OR
Log In

You Might Also Like...

Show Comments

Extras

Top Quizzes Today


Score Distribution

Your Account Isn't Verified!

In order to create a playlist on Sporcle, you need to verify the email address you used during registration. Go to your Sporcle Settings to finish the process.

Report this User

Report this user for behavior that violates our Community Guidelines.

Details: